Les morts dans Harry Potter - Statistiques

Statistiques générales
  • Ce quiz a été pris 1 387 fois
  • Le résultat moyen est 7 sur 10
Statistiques - réponses
Question Réponse % Correct
Comment est-il mort ? Tué par Severus Rogue
98%
Dans quel film Dumbledore meurt-il ? 6
95%
Lequel des Weasley est mort pendant la bataille à Poudlard ? Fred
88%
Quand Alastor Maugrey est-il mort ? 7.1
84%
À quel moment du film est-il mort ? Au début
80%
Où est-il mort ? Sur son balai
79%
Quand Severus Rogue meurt-il ? 7.2
68%
Comment est-il mort ? Tué par Lord Voldemort
57%
Quand le seigneur des ténèbres est-il mort ? 7.2
39%
Comment est-il mort ? Tué par Harry Potter
29%
Aucun quiz correspondant
Distribution des résultats
% des personnes avec chaque résultat
Percentile par nombre de réponses
Votre historique - résultats
Vous n’avez pas pris ce quiz